[Event "Milan SSM op"]
[Site "Milan"]
[Date "2014.01.21"]
[Round "3"]
[White "Papale, Carmelo"]
[Black "Capostagno, Francesco"]
[Result "1-0"]
[WhiteElo "1821"]
[BlackElo "1695"]
[PlyCount "79"]
[EventDate "2014.01.14"]
[EventType "swiss"]
[EventRounds "8"]
[EventCountry "ITA"]
[SourceTitle "EXT 2015"]
[Source "ChessBase"]
[SourceDate "2014.11.20"]
[SourceVersion "1"]
[SourceVersionDate "2014.11.20"]
[SourceQuality "1"]

1. e4 Nf6 2. d3 e5 3. Nf3 Nc6 4. g3 d5 5. Nbd2 Bg4 6. h3 Bxf3 7. Qxf3 Nd4 8. Qd1 Bc5 9. c3 Ne6 10. Bg2 c6 11. 0-0 0-0 12. b4 Bb6 13. a4 Bc7 14. Qe2 Re8 15. Nf3 Nf8 16. Nh4 Qd7 17. Nf5 Ne6 18. Be3 g6 19. Nh6+ Kg7 20. h4 Rad8 21. Kh2 d4 22. cxd4 Nxd4 23. Qa2 Qd6 24. Qxf7+ Kh8 25. Qxe8+ Nxe8 26. Nf7+ Kg7 27. Nxd6 Rxd6 28. Bxd4 Rxd4 29. b5 cxb5 30. axb5 Bb6 31. Rfd1 Nf6 32. f3 Nd7 33. Rac1 Rb4 34. Rb1 Rd4 35. Bf1 Nc5 36. Kg2 Kf6 37. Rbc1 Rd6 38. Rc3 Ne6 39. Rc8 Nd4 40. Rb1 1-0

[Event "Milan Crespi op-C 33rd"]
[Site "Milan"]
[Date "2012.12.08"]
[Round "4"]
[White "Capostagno, Francesco"]
[Black "Rosini, Luca Ungaro"]
[Result "1-0"]
[WhiteElo "1587"]
[BlackElo "1392"]
[PlyCount "57"]
[EventDate "2012.12.05"]
[EventType "swiss"]
[EventRounds "7"]
[EventCountry "ITA"]
[SourceTitle "EXT 2024"]
[Source "ChessBase"]
[SourceDate "2023.10.10"]
[SourceVersion "1"]
[SourceVersionDate "2023.10.10"]
[SourceQuality "1"]

1. e4 d5 2. exd5 Qxd5 3. Nc3 Qa5 4. d4 c6 5. Nf3 Nf6 6. Ne5 Qc7 7. Bc4 e6 8. Bf4 Bd6 9. Qe2 0-0 10. Ne4 Nxe4 11. Qxe4 Nd7 12. Nxd7 Qxd7 13. Bd3 g6 14. Bh6 Re8 15. 0-0-0 Bf8 16. Bxf8 Kxf8 17. Qe5 Kg8 18. h4 Qd5 19. Qf6 Qxa2 20. h5 Qa1+ 21. Kd2 Qa5+ 22. c3 gxh5 23. Bxh7+ Kxh7 24. Qxf7+ Kh6 25. Qxe8 Qg5+ 26. Ke1 Qxg2 27. Rxh5+ Kg7 28. Qh8+ Kf7 29. Rh7+ 1-0